Catálogo
 En Linea

Cuentos de piratas, corsarios y bandidos. / (Registro nro. 43849)

Detalles MARC
000 -CABECERA
campo de control de longitud fija 01082nam a2200181 a 4500
001 - NÚMERO DE CONTROL
campo de control 000044360
005 - FECHA Y HORA DE LA ÚLTIMA TRANSACCIÓN
campo de control 20201002045322.0
008 - DATOS DE LONGITUD FIJA--INFORMACIÓN GENERAL
campo de control de longitud fija 140624s1989 dr a 000 j spa d
020 ## - NÚMERO INTERNACIONAL ESTÁNDAR DEL LIBRO
Número Internacional Estándar del Libro 978994544261
040 ## - FUENTE DE LA CATALOGACIÓN
Centro catalogador/agencia de origen DO-SdBNP
Lengua de catalogación spa
Centro/agencia transcriptor BNPHU
245 00 - MENCIÓN DE TÍTULO
Título Cuentos de piratas, corsarios y bandidos. /
Mención de responsabilidad, etc. edición María del Mar Ravassa G.; ilustración Juan Carlos Nicholls.
260 ## - PUBLICACIÓN, DISTRIBUCIÓN, ETC.
Lugar de publicación, distribución, etc. Santo Domingo, :
Nombre del editor, distribuidor, etc. Taller
-- Coedición Latinoamericana,
Fecha de publicación, distribución, etc. 1989.
300 ## - DESCRIPCIÓN FÍSICA
Extensión 104 p. :
Otras características físicas il. ;
Dimensiones 22 cm.
505 0# - NOTA DE CONTENIDO CON FORMATO
Título Presentación
-- El Correvolando
Información miscelánea Bolivia
Título Un pirata sin piedad
Información miscelánea Brasil
Título La toma de Cartagena por Francis Drake
Información miscelánea Colombia
Título El tesoro del monaguillo
Información miscelánea Chile
Título La tortuga de Cliperton
Información miscelánea Ecuador
Título Piratas en Veracruz
Información miscelánea México
Título El tamborcito del pirata
Información miscelánea Perú
Título Pedro el grande, el primer pirata del Caribe
Información miscelánea República Dominicana
Título Los corsarios de Artigas
Información miscelánea Uruguay
Título Venturas y desventuras de dos piratas en tierras americanas
Información miscelánea Venezuela
500 ## - NOTA GENERAL
Nota general La biblioteca posee la reimpresión del 2008
700 12 - PUNTO DE ACCESO ADICIONAL--NOMBRE DE PERSONA
Nombre de persona Mar Ravassa G., María del
Término indicativo de función/relación ed.
9 (RLIN) 72368
700 12 - PUNTO DE ACCESO ADICIONAL--NOMBRE DE PERSONA
Nombre de persona Nicholls, Juan Carlos
Término indicativo de función/relación il.
9 (RLIN) 72369
Existencias
Estado de retiro Estado de pérdida No para préstamo Código de colección Localización permanente Ubicación/localización actual Ubicación en estantería Fecha de adquisición Número de inventario Total de préstamos Signatura topográfica completa Código de barras Fecha visto por última vez Precio válido a partir de Tipo de ítem Koha
    Excluido de préstamo Patrimonio Dominicano Patrimonio Dominicano Patrimonio Dominicano En catalogación 24.06.2014 LF1   44360-10 25.06.2020 25.06.2020 Libro y Folleto Colección Patrimonio Dominicano

Con tecnología Koha